| 000 | 00445nam a22001457a 4500 | ||
|---|---|---|---|
| 020 | _a0117019933 | ||
| 082 |
_a725.54 _bBAR _cL-NUST, P-16 |
||
| 100 |
_aBarker, Peter & Barrick, Jon _945756 |
||
| 245 |
_aBuilding sights _cBarker, Peter & Barrick, Jon |
||
| 260 |
_aLondon _bRoyal National Institute for the blind _c1995 |
||
| 300 |
_a180 p. _bill. _c30 cm |
||
| 526 |
_a0 _b0 _c0 _d725_540000000000000_BAR |
||
| 650 |
_aNUST _96342 |
||
| 942 |
_2ddc _cBK |
||
| 999 |
_c549210 _d549210 |
||